00493nam a2200193Ia 4500001000700000003000500007008004100012010001100053040000900064082001500073100003100088245008200119260002500201300000900226440000500235500001600240503001600256650002700272Z_4320CHAP220113s9999 xx 000 0 und d a167388 cCHAP a630.68 C35 aCantú Curiel, Leovigildo aAdministración de empresas agropecuarias /cpor Leovigildo Cantú Curiel as.l. :bs.e.,c  as.p. a aFotocopía aFOTOCOPÍA aAdministración rural